| 000 | 01167nab a22002417a 4500 | ||
|---|---|---|---|
| 999 |
_c6391 _d6391 |
||
| 003 | OSt | ||
| 005 | 20260201172221.0 | ||
| 008 | 190506c xxu||||| |||| 00| 0 spa d | ||
| 040 | _cPJ | ||
| 100 |
_96442 _aOrtega, Inés |
||
| 245 | 1 | 0 |
_aDiscapacidad y acceso a la justicia / _cInés Ortega. |
| 260 |
_aBuenos Aires : _bAbeledoPerrot, _c2023. |
||
| 300 | _ap. 3-9 | ||
| 500 | _aCita: TR LALEY AR/DOC/2031/2023 | ||
| 505 | _aSumario: I. Introducción.— II. Normativa internacional y nacional en materia de discapacidad.— III. Acceso a la justicia para personas con discapacidad (PcD).— IV. Lo que aún falta... Fallo "Barraza, Víctor Javier y otro c. Estado nacional y otro s/ ley 16.986" (expte. 10420/2020).— V. Conclusiones. | ||
| 505 | _t¿Te interesa el texto completo? Comunicate al correo: koha@justierradelfuego.gov.ar | ||
| 650 | 0 |
_91316 _aDERECHO LABORAL |
|
| 650 | 0 |
_93271 _aPERSONAS CON DISCAPACIDAD |
|
| 650 | 0 |
_9179 _aGARANTIAS CONSTITUCIONALES › |
|
| 650 | 0 |
_9217 _aPODER JUDICIAL |
|
| 773 | 0 |
_02751 _93202 _dBuenos Aires : AbeledoPerrot, 2013- _tRevista de derecho laboral y seguridad social. Nº 19 - Octubre 2023 |
|
| 942 |
_2udc _cANA |
||